Katalog Plus
Bibliothek der Frankfurt UAS
Bald neuer Katalog: sichern Sie sich schon vorab Ihre persönlichen Merklisten im Nutzerkonto: Anleitung.

Advanced Microeconomics

Titel: Advanced Microeconomics / by Harald Wiese
Verfasser:
Ausgabe: 1st ed. 2021
Veröffentlicht: Wiesbaden : Springer Fachmedien Wiesbaden, 2021
Umfang: 1 Online-Ressource (XV, 620 Seiten) : 278 illus. Textbook for German language market.
Format: E-Book
Sprache: Englisch
Schlagworte:
Andere Ausgaben: Erscheint auch als Druck-Ausgabe: Wiese, Harald. Advanced Microeconomics. - Wiesbaden : Springer Fachmedien Wiesbaden, 2021
ISBN: 9783658349592 ; 365834959X ; 978--365834958-5 ; 978--365834960-8
Buchumschlag
X
alg: 48500159
001A    $06055:01-09-21 
001B    $06055:01-12-25 $t04:06:41.000 
001D    $06055:01-09-21 
001U    $0utf8 
001X    $00 
002@    $0Oax 
002C    $aText $btxt $2rdacontent 
002D    $aComputermedien $bc $2rdamedia 
002E    $aOnline-Ressource $bcr $2rdacarrier 
003@    $0485001594 
004A    $A978-3-658-34959-2 
004A    $03-658-34959-X 
004E/04 $0SpringerNature-11775 $fSubject Collection Business and Economics (German Language) 
004O    $A978---365834958-5 $Sp 
004O    $A978---365834960-8 $Sp 
004P    $010.1007/978-3-658-34959-2 $SV60 
007A    $0485001594 $aHEB 
007I    $0Springer978-3-658-34959-2 
009P    $qtext/html $3Inhaltsverzeichnis $uhttp://scans.hebis.de/HEBCGI/show.pl?48500159_toc.html $mX:DE-He213 
009P    $qtext/html $3Ausführliche Beschreibung $uhttp://scans.hebis.de/HEBCGI/show.pl?48500159_aub.html $mX:DE-He213 
009Q    $SV60 $uhttps://doi.org/10.1007/978-3-658-34959-2 $xR 
010@    $aeng 
010E    $erda 
011@    $a2021 
017B    $aZDB-2-SWI 
021A    $aAdvanced Microeconomics $hby Harald Wiese 
028A    $aWiese $BVerfasser $dHarald $4aut 
032@    $a1st ed. 2021 
033A    $pWiesbaden $nSpringer Fachmedien Wiesbaden 
033E    $pCham $nSpringer International Publishing AG 
034D    $a1 Online-Ressource (XV, 620 Seiten) 
034M    $a278 illus. Textbook for German language market. 
039D    $aErscheint auch als $tAdvanced Microeconomics $dWiesbaden $eSpringer Fachmedien Wiesbaden $f2021 $z978-3-658-34958-5 $lWiese, Harald $nDruck-Ausgabe 
044A    $aMicroeconomics $S#0 $N650 
044A    $aGame theory $S#0 $N650 
044A    $aEconometrics $S#0 $N650 
044A    $aMicroeconomics $S14 $N650 
044A    $aGame Theory $S24 $N650 
044A    $aEconometrics $S24 $N650 
044K    $RWirtschaftstheorie $RVolkswirtschaftslehre $#Microeconomics $#Microéconomie $#Microeconomía $#Mikroökonomik $#Mikroökonomie $#Mikroökonomie $#Mikroökonomik $74039225-9 $8Mikroökonomie [Ts1] $9085106909 
045B    $a338.5 $eDDC23eng 
045E    $c330 

lok: 48500159 3
101B    $002-09-21 $t07:14:34.000 
101C    $002-09-21 
101U    $0utf8 
145S/01 $a008 

exp: 48500159 3 1 #EPN
201B/01 $002-09-21 $t07:14:34.000 
201C/01 $001-09-21 
201U/01 $0utf8 
203@/01 $01167338987 
204P/01 $010.1007/978-3-658-34959-2 $SV60 
208@/01 $a01-09-21 $bl 
209B/01 $a502 $x05 

lok: 48500159 5

exp: 48500159 5 1 #EPN
201B/01 $001-09-21 $t23:12:53.014 
201C/01 $001-09-21 
201U/01 $0utf8 
203@/01 $01167338995 
204P/01 $010.1007/978-3-658-34959-2 $SV60 
208@/01 $a01-09-21 $bl 

lok: 48500159 8

exp: 48500159 8 1 #EPN
201B/01 $001-09-21 $t23:12:53.018 
201C/01 $001-09-21 
201U/01 $0utf8 
203@/01 $01167339002 
204P/01 $010.1007/978-3-658-34959-2 $SV60 
208@/01 $a01-09-21 $bl 

lok: 48500159 10

exp: 48500159 10 1 #EPN
201B/01 $001-09-21 $t23:12:53.023 
201C/01 $001-09-21 
201U/01 $0utf8 
203@/01 $01167339010 
204P/01 $010.1007/978-3-658-34959-2 $SV60 
208@/01 $a01-09-21 $bl 

lok: 48500159 11

exp: 48500159 11 1 #EPN
201B/01 $001-09-21 $t23:12:53.026 
201C/01 $001-09-21 
201U/01 $0utf8 
203@/01 $01167339029 
204P/01 $010.1007/978-3-658-34959-2 $SV60 
208@/01 $a01-09-21 $bl 

lok: 48500159 20

exp: 48500159 20 1 #EPN
201B/01 $001-09-21 $t23:12:53.030 
201C/01 $001-09-21 
201U/01 $0utf8 
203@/01 $01167339037 
204P/01 $010.1007/978-3-658-34959-2 $SV60 
208@/01 $a01-09-21 $bl 

lok: 48500159 21

exp: 48500159 21 1 #EPN
201B/01 $001-09-21 $t23:12:53.034 
201C/01 $001-09-21 
201U/01 $0utf8 
203@/01 $01167339045 
204P/01 $010.1007/978-3-658-34959-2 $SV60 
208@/01 $a01-09-21 $bl 

lok: 48500159 23

exp: 48500159 23 1 #EPN
201B/01 $001-09-21 $t23:12:53.037 
201C/01 $001-09-21 
201U/01 $0utf8 
203@/01 $01167339053 
204P/01 $010.1007/978-3-658-34959-2 $SV60 
208@/01 $a01-09-21 $bl 

lok: 48500159 25

exp: 48500159 25 1 #EPN
201B/01 $001-09-21 $t23:12:53.041 
201C/01 $001-09-21 
201U/01 $0utf8 
203@/01 $01167339061 
204P/01 $010.1007/978-3-658-34959-2 $SV60 
208@/01 $a01-09-21 $bl 

lok: 48500159 49

exp: 48500159 49 1 #EPN
201B/01 $001-09-21 $t23:12:53.045 
201C/01 $001-09-21 
201U/01 $0utf8 
203@/01 $0116733907X 
204P/01 $010.1007/978-3-658-34959-2 $SV60 
208@/01 $a01-09-21 $bl 

lok: 48500159 204

exp: 48500159 204 1 #EPN
201B/01 $001-09-21 $t23:12:53.049 
201C/01 $001-09-21 
201U/01 $0utf8 
203@/01 $01167339088 
204P/01 $010.1007/978-3-658-34959-2 $SV60 
208@/01 $a01-09-21 $bl 

lok: 48500159 205

exp: 48500159 205 1 #EPN
201B/01 $028-09-21 $t15:43:13.000 
201C/01 $001-09-21 
201U/01 $0utf8 
203@/01 $01167339096 
204P/01 $010.1007/978-3-658-34959-2 $SV60 
208@/01 $a01-09-21 $bla 
209B/01 $aebo $x05 
209B/01 $aspw $x06 
209C/01 $anel2109qa
LEADER 00000cam a22000002c 4500
001 485001594
003 DE-603
005 20251201040641.0
007 cr||||||||||||
008 210901s2021 xx |||| o| u00||u|eng c
020 |a 9783658349592 
020 |a 365834959X 
024 7 |a 10.1007/978-3-658-34959-2  |2 doi 
028 5 2 |a SpringerNature-11775 
035 |a (DE-599)HEB485001594 
040 |a DE-603  |b ger  |c DE-603  |d DE-603  |e rda 
041 |a eng 
082 7 |a 338.5  |2 23/eng 
084 |a 330  |q DE-101  |2 sdnb 
100 1 |a Wiese, Harald  |e Verfasser  |4 aut 
245 0 0 |a Advanced Microeconomics  |c by Harald Wiese 
250 |a 1st ed. 2021 
264 1 |a Wiesbaden  |b Springer Fachmedien Wiesbaden  |c 2021 
264 2 |a Cham  |b Springer International Publishing AG 
300 |a 1 Online-Ressource (XV, 620 Seiten)  |b 278 illus. Textbook for German language market. 
336 |a Text  |b txt  |2 rdacontent 
337 |a Computermedien  |b c  |2 rdamedia 
338 |a Online-Ressource  |b cr  |2 rdacarrier 
650 7 |a Mikroökonomie  |0 (DE-588)4039225-9  |0 (DE-603)085106909  |2 gnd 
776 0 8 |i Erscheint auch als  |n Druck-Ausgabe  |a Wiese, Harald  |t Advanced Microeconomics  |d Wiesbaden : Springer Fachmedien Wiesbaden, 2021  |z 9783658349585 
776 1 |z 978--365834958-5 
776 1 |z 978--365834960-8 
856 |u https://doi.org/10.1007/978-3-658-34959-2  |x Resolving-System 
856 4 2 |m X:DE-He213  |q text/html  |u http://scans.hebis.de/HEBCGI/show.pl?48500159_toc.html  |3 Inhaltsverzeichnis 
856 4 2 |m X:DE-He213  |q text/html  |u http://scans.hebis.de/HEBCGI/show.pl?48500159_aub.html  |3 Ausführliche Beschreibung 
912 |a ZDB-2-SWI 
924 1 |9 603  |a (DE-603)1167338987  |b DE-603  |c HES  |d d 
924 1 |9 603  |a (DE-603)1167338995  |b DE-603  |c HES  |d d 
924 1 |9 603  |a (DE-603)1167339002  |b DE-603  |c HES  |d d 
924 1 |9 603  |a (DE-603)1167339010  |b DE-603  |c HES  |d d 
924 1 |9 603  |a (DE-603)1167339029  |b DE-603  |c HES  |d d 
924 1 |9 603  |a (DE-603)1167339037  |b DE-603  |c HES  |d d 
924 1 |9 603  |a (DE-603)1167339045  |b DE-603  |c HES  |d d 
924 1 |9 603  |a (DE-603)1167339053  |b DE-603  |c HES  |d d 
924 1 |9 603  |a (DE-603)1167339061  |b DE-603  |c HES  |d d 
924 1 |9 603  |a (DE-603)116733907X  |b DE-603  |c HES  |d d 
924 1 |9 603  |a (DE-603)1167339088  |b DE-603  |c HES  |d d 
924 1 |9 603  |a (DE-603)1167339096  |b DE-603  |c HES  |d d